[Event "Longtou Cup 1st"]
[Site "Qinhuangdao"]
[Date "2018.05.26"]
[Round "1"]
[White "Zhao, Yuanhe"]
[Black "Zhang, Hang"]
[Result "1-0"]
[WhiteElo "2377"]
[BlackElo "1848"]
[PlyCount "51"]
[EventDate "2018.05.26"]
[EventType "swiss"]
[EventRounds "9"]
[EventCountry "CHN"]
[SourceTitle "CBM 184 Extra"]
[Source "ChessBase"]
[SourceDate "2018.06.28"]
[SourceVersion "1"]
[SourceVersionDate "2018.06.28"]
[SourceQuality "1"]

1. d4 Nf6 2. c4 c5 3. d5 d6 4. Nc3 g6 5. e4 Bg7 6. h3 0-0 7. Nf3 e6 8. Bd3 exd5 9. exd5 Nh5 10. 0-0 f5 11. Ng5 Na6 12. Ne6 Bxe6 13. dxe6 Bxc3 14. bxc3 Qf6 15. Be2 Ng7 16. Bf3 Nc7 17. Qxd6 Ngxe6 18. Bd5 Nxd5 19. cxd5 Nd4 20. Qxf6 Ne2+ 21. Kh2 Rxf6 22. Bd2 Ra6 23. Rfb1 Rd8 24. Rxb7 Rxd5 25. Bh6 f4 26. Rg7+ 1-0